000 00445nam a2200181Ia 4500
001 18712
005 20260306171651.0
008 260306s9999||||xx |||||||||||||| ||und||
041 _aESP
082 _a658.5
_bC28L
100 _aCarranza, Octavio
_eAUT
245 0 _aLogística:
_bMejores prácticas en latinoamérica
260 _c2004
300 _a426 páginas :
_c24 cm.
650 _aGEN
654 _aCAN
942 _cLIB
_dJUS
_fJUS
_2ddc
_n
999 _c18712
_d18712